000 00729nam a2200217Ia 4500
003 OSt
005 20250225092456.0
008 210719s2007 xx 000 0 und d
040 _cAL
041 _aKannada
082 _aK894.9 MAVE
100 _aMAVINAKERE RANGANATHAN
_dಮಾವಿನಕೆರೆ ರಂಗನಾಥನ್
_9202417
245 _aL S Sheshagiri Rao: Baduku baraha
_bಎಲ್ ಎಸ್ ಶೇಷಗಿರಿ ರಾವ್: ಬದುಕು ಬರಹ
260 _aBengaluru
_bSubhas Stores
_c2007
300 _axiv-400
_bHB
365 _b250
_cRs
650 _aKannada Criticism
_9202418
650 _aKannada Criticism
_9202418
906 _aBaduku ; baraha ; El ; Es ; Rao ; Sheshagiri
942 _2ddc
_cBK
999 _c215034
_d215034